| 000 | 00578nam a2200181 a 4500 | ||
|---|---|---|---|
| 005 | 20240910063948.0 | ||
| 008 | 991125s1941 ag 000 0 spa u | ||
| 035 | _aUPN01000000974 | ||
| 049 | _aCG | ||
| 050 | 4 |
_aHQ799 A7 _bM3.2 |
|
| 100 | 1 |
_aMantovani, Juan, _d1898-1961 _929117 |
|
| 245 | 1 | 3 |
_aLa adolescencia y los dominios de la cultura : _bel problema de una relación / _cJuan Mantovani. |
| 260 |
_aBuenos Aires : _bInstituto de Didáctica, _c1941. |
||
| 300 | _a73 p. | ||
| 440 | 0 |
_aTrabajo de investigación y de tesis ; _v7 |
|
| 650 | 4 |
_aAdolescencia _91008 |
|
| 905 | _aLibro | ||
| 999 |
_c974 _d974 |
||